How to blend a family. (Record no. 14716)

000 -LEADER
fixed length control field 00620nam a2200193 a 4500
001 - CONTROL NUMBER
control field :::00012549$&:&@@
003 - CONTROL NUMBER IDENTIFIER
control field OkBaRHE
005 - DATE AND TIME OF LATEST TRANSACTION
control field 20100402122047.0
008 - FIXED-LENGTH DATA ELEMENTS--GENERAL INFORMATION
fixed length control field s1989 j 000 0 eng u
040 ## - CATALOGING SOURCE
Transcribing agency
100 1# - MAIN ENTRY--PERSONAL NAME
Personal name Johnson, Carolyn, 1926-
245 10 - TITLE STATEMENT
Title How to blend a family.
260 ## - PUBLICATION, DISTRIBUTION, ETC. (IMPRINT)
Place of publication, distribution, etc Grand Rapids, MI., :
Name of publisher, distributor, etc Zondervan Publishing House
Date of publication, distribution, etc 1989
300 ## - PHYSICAL DESCRIPTION
Extent 223 p. ;
Dimensions 20 cm.
650 ## - SUBJECT ADDED ENTRY--TOPICAL TERM
Topical term or geographic name as entry element Remarriage
General subdivision United States
650 ## - SUBJECT ADDED ENTRY--TOPICAL TERM
Topical term or geographic name as entry element Stepfamilies
General subdivision United States
942 ## - ADDED ENTRY ELEMENTS (KOHA)
Source of classification or shelving scheme
Koha item type Books
Copies
Damaged status Withdrawn status Full call number Copy number Price effective from Not for loan Koha item type Date last seen Date acquired Permanent Location Shelving location Lost status Barcode Source of classification or shelving scheme
  HQ 759.92 .J64 198912010-04-14 Books2010-04-142010-04-14RHEMA Bible Training CollegeGeneral Stacks 12549